Hombre y paisaje

সংরক্ষণ করুন:
গ্রন্থ-পঞ্জীর বিবরন
প্রধান লেখক: Chucair, Elías (Author)
বিন্যাস: গ্রন্থ
ভাষা:স্প্যানিশ
প্রকাশিত: Buenos Aires Fondo Editorial Rionegrino 1989
মালা:Colección fuego en el fuego
বিষয়গুলি:
ট্যাগগুলো: ট্যাগ যুক্ত করুন
কোনো ট্যাগ নেই, প্রথমজন হিসাবে ট্যাগ করুন!

MARC

LEADER 00000nam a2200000 a 4500
001 UCW5003
003 CL-VaPUC
008 901105e19890000AG |||||||||||||||||spa|d
082 0 4 |a Ar861  |b CHU  |2 21 
100 0 |a Chucair, Elías  |e author  |9 309800 
245 1 0 |a Hombre y paisaje 
300 |a 88 p 
942 |c BK 
945 |d 19901105 00:00:00 
260 |a Buenos Aires  |b Fondo Editorial Rionegrino  |c 1989 
650 0 |a Poesía argentina  |9 265575 
583 |a last modification  |c 19901105 00:00:00  |k Rodrigo Vera 
490 0 |a Colección fuego en el fuego 
999 |c 218527  |d 218525 
952 |0 0  |1 0  |4 0  |6 AR_861_000000000000000_CHU_1989  |7 0  |8 A  |9 208235  |a BIBEDU  |b BIBEDU  |d 2019-11-15  |i 2761742  |o Ar861 CHU 1989  |p 2761742  |r 2019-11-15  |w 2019-11-15  |y BK  |k EDU